Statistics for Premier League Teams 2007-08

Click here to take the quiz!

General Stats

  • This quiz has been taken 92 times
  • The average score is 17 of 20

Answer Stats

PositionTeam% Correct
CManchester United
100%
3Arsenal
99%
4Liverpool
99%
2Chelsea
98%
10West Ham United
97%
9Manchester City
95%
12Newcastle United
94%
11Tottenham Hotspur
94%
6Aston Villa
91%
5Everton
88%
15Sunderland
85%
7Blackburn Rovers
80%
RDerby County
80%
17Fulham
79%
16Bolton Wanderers
76%
RReading
76%
14Wigan Athletic
74%
8Portsmouth
71%
RBirmingham City
67%
13Middlesbrough
67%

Score Distribution

Percentile by Number Answered

Percent of People with Each Score

Your Score History

You have not taken this quiz